000 00381nam a22001577a 4500
003 LRUA
005 20231107220352.0
008 231107b xxu||||| |||| 00| 0 eng d
040 _cDLC
082 _2FAO PRO 2011 C011 Or.
100 _916092
_aMAY
245 _aPROMOTING IMPROVED COMLEMENTARY FEEDING
260 _aPhnom Penh
_bFAO
_c2011
300 _a47P
942 _2ddc
_cAEDBB
999 _c22150
_d22150